Normal view
MARC view
- Chandraksan, A. P Brodersen, R. W
Entry Personal Name
001 - CONTROL NUMBER
- control field: 73952
003 - CONTROL NUMBER IDENTIFIER
- control field: NUST
005 - DATE AND TIME OF LATEST TRANSACTION
- control field: 20210628205117.0
008 - FIXED-LENGTH DATA ELEMENTS
- fixed length control field: 210628|| aca||aabn | a|a d
040 ## - CATALOGING SOURCE
- Original cataloging agency: NUST
- Transcribing agency: NUST
100 ## - HEADING--PERSONAL NAME
- Personal name: Chandraksan, A. P Brodersen, R. W
670 ## - SOURCE DATA FOUND
- Source citation: Work cat.: (NUST): Chandraksan, A. P Brodersen, R. W, Technologies for wireless computing, 1996
